000 00366nam a2200145Ia 4500
005 20260328104246.0
008 260328s9999||||xx |||||||||||||| ||und||
100 _aZurita Ruiz, José
245 0 _aOrganizacion de empresas Constructoras /
_cJosé Zurita Ruiz
250 _a4a ed.
260 _bGersa
300 _a168 p.
650 _aCONSTRUCCIÓN
942 _cBK
999 _c10078
_d10078